000 00375nam a22001217a 4500
999 _c153
_d153
005 20200811164952.0
008 200810b ||||| |||| 00| 0 eng d
020 _a9879982220798
040 _cCML
245 _aLight Beyond Colour: Foundation of the Law of Creativity.
_cWachepa, W.W.
260 _aLusaka
_bPrintech Ltd
_c2008
942 _2ddc
_cBK
_e1st Edition
_hreference